NEHRU TO IRAQ (Record no. 28847)

MARC details
000 -LEADER
fixed length control field 00273nam a22001337a 4500
003 - CONTROL NUMBER IDENTIFIER
control field SGT
020 ## - INTERNATIONAL STANDARD BOOK NUMBER
International Standard Book Number 9788190744911
082 ## - DEWEY DECIMAL CLASSIFICATION NUMBER
Classification number 070
Item number N08V
100 ## - MAIN ENTRY--PERSONAL NAME
Personal name VASISHT, SHANTA
245 ## - TITLE STATEMENT
Title NEHRU TO IRAQ
260 ## - PUBLICATION, DISTRIBUTION, ETC. (IMPRINT)
Name of publisher, distributor, etc HARMAN PUBLISHING
Year of Publication 2008
300 ## - PAGE DESCRIPTION
No. of Pages 105
942 ## - ADDED ENTRY ELEMENTS (KOHA)
Source of classification or shelving scheme Dewey Decimal Classification
Koha item type Books
Holdings
Withdrawn status Lost status Source of classification or shelving scheme Damaged status Not for loan Home library Current library Shelving location Date acquired SGTU Total Checkouts Full call number Accession No. (Barcode) Date last seen Bill Date Koha item type
    Dewey Decimal Classification   Not For Loan SGT Chancellor's Library SGT Chancellor's Library Reference Book 11/01/2025 SGTU   070 N08V CH1693 11/01/2025 11/01/2025 Books